[Event "Akademickie Mistrzostwa Polski Kobiet"]
[Site "Szczyrk"]
[Date "1899-12-30"]
[Round "1.1"]
[White "Antolak, Julia"]
[Black "Szultka, Agata"]
[Result "1-0"]
[WhiteTitle "WIM"]
[BlackTitle "I+"]
[WhiteElo "2110"]
[BlackElo "1748"]

1. e4 d5 2. exd5 Qxd5 3. Nc3 Qa5 4. d4 Nf6 5. Bc4 c6 6. h3 Bf5 7. Nf3 e6 8. Bd2
Qc7 9. Bb3 Nbd7 10. Qe2 Be7 11. O-O-O Nd5 12. Rhe1 Nxc3 13. Bxc3 Nf6 14. Ne5 Ne4
15. Bd2 Nxd2 16. Qxd2 O-O 17. g4 Bg6 18. f4 Kh8 19. Qe2 c5 20. f5 exf5 21. Nxg6+
fxg6 22. Qxe7 Qf4+ 23. Qe3 Qxe3+ 24. Rxe3 cxd4 25. Rxd4 fxg4 26. hxg4 h5 27. gxh5
gxh5 28. Re5 g6 29. Rd6 Kg7 30. Re7+ Kh6 31. Bf7 h4 32. Rxg6+ Kh5 33. Rg1+ Kh6
34. Re6+ Kh7 35. Re5 1-0

[Event "Akademickie Mistrzostwa Polski Kobiet"]
[Site "Szczyrk"]
[Date "1899-12-30"]
[Round "1.2"]
[White "Wilk, Oktawia"]
[Black "Kiolbasa, Oliwia"]
[Result "0-1"]
[WhiteTitle "I++"]
[BlackTitle "WIM"]
[WhiteElo "1659"]
[BlackElo "2095"]

1. e4 e5 2. Nf3 Nc6 3. Bb5 Nge7 4. O-O g6 5. c3 a6 6. Ba4 Bg7 7. d4 exd4 8. cxd4
b5 9. Bb3 O-O 10. Bg5 h6 11. Bh4 d6 12. h3 Na5 13. Nc3 Nxb3 14. Qxb3 c6 15. Rfe1
Qc7 16. Bg3 Be6 17. Qd1 Rfd8 18. a3 Qb7 19. Rc1 c5 20. d5 Bc8 21. b4 c4 22. Qd2
Qb6 23. Ne2 0-1

[Event "Akademickie Mistrzostwa Polski Kobiet"]
[Site "Szczyrk"]
[Date "1899-12-30"]
[Round "1.3"]
[White "Kubicka, Anna"]
[Black "Trybowska, Anna"]
[Result "1/2-1/2"]
[WhiteTitle "WIM"]
[BlackTitle "I++"]
[WhiteElo "2081"]
[BlackElo "1608"]

1. e4 c5 2. Ne2 g6 3. g3 Bg7 4. Bg2 Nc6 5. O-O d6 6. c3 Nf6 7. d4 cxd4 8. cxd4
O-O 9. Nbc3 a6 10. h3 Qc7 11. Be3 e5 12. d5 Ne7 13. Rc1 Qd8 14. a4 Bd7 15. Qb3
b5 16. axb5 axb5 17. Ra1 Rb8 18. Qb4 Nc8 19. Ra6 Nb6 20. b3 Nc8 21. Rfa1 Qc7 22.
Kh2 Ne8 23. R6a5 Qb7 24. Bf1 f5 25. f3 fxe4 26. fxe4 Rf3 27. Bg1 Bh6 28. Bg2 Rf8
29. Rf1 Rxf1 30. Bxf1 Bd2 31. Ra2 Bxc3 32. Nxc3 Nf6 33. Ra5 Kg7 34. Bxb5 Qc7 35.
Ra2 Bxb5 36. Nxb5 Qb7 37. Ra5 Ne8 38. Qc4 Nb6 39. Ra7 Nxc4 40. Rxb7+ Rxb7 41.
bxc4 Kf7 42. Be3 Ke7 43. Bd2 Kd7 44. g4 Nf6 45. Bb4 Nxe4 46. Kg2 Rb6 47. Kf3 Nf6
48. Bd2 Ne8 49. g5 Nc7 50. Ba5 Rxb5 51. cxb5 Nxb5 52. Ke4 Nc7 53. Bd2 Nb5 54.
Bb4 Kc7 55. Kd3 Kb6 56. Ke4 Nc7 57. Bxd6 Nb5 58. Kxe5 Kb7 59. Bf8 Kc7 60. Ke6
Kd8 61. Kf7 Nc3 62. Be7+ Kd7 63. Bf6 Nxd5 64. Kg7 Ke6 65. Kxh7 Kf5 66. Kg7 Nf4
67. h4 Nh5+ 68. Kf7 Nf4 69. Ke7 Kg4 70. Kf7 Kxh4 71. Be5 Kxg5 72. Bxf4+ Kxf4 73.
Kxg6 Ke5 1/2-1/2

[Event "Akademickie Mistrzostwa Polski Kobiet"]
[Site "Szczyrk"]
[Date "1899-12-30"]
[Round "1.4"]
[White "Kotula, Magdalena"]
[Black "Cieslak, Wiktoria"]
[Result "0-1"]
[WhiteTitle "I+"]
[BlackTitle "k++"]
[WhiteElo "1585"]
[BlackElo "1951"]

1. e4 c5 2. Nf3 d6 3. d4 cxd4 4. Nxd4 Nf6 5. Nc3 a6 6. Bc4 Nbd7 7. Bb3 Nc5 8. f3
e6 9. Be3 Nxb3 10. axb3 Be7 11. Qd2 Qc7 12. O-O-O e5 13. Nf5 Bxf5 14. exf5 Rc8
15. Kb1 d5 16. Bg5 d4 17. Ne4 Nxe4 18. fxe4 f6 19. Bh4 O-O 20. g4 a5 21. g5 fxg5
22. Bxg5 Bxg5 23. Qxg5 Qxc2+ 24. Ka1 a4 25. Rhg1 Rf7 26. Rc1 axb3 27. Rxc2 bxc2
0-1

[Event "Akademickie Mistrzostwa Polski Kobiet"]
[Site "Szczyrk"]
[Date "1899-12-30"]
[Round "1.5"]
[White "Parol, Pola"]
[Black "Hampel, Anna"]
[Result "1/2-1/2"]
[WhiteTitle "WFM"]
[BlackTitle "I++"]
[WhiteElo "1929"]
[BlackElo "1540"]

1. e4 c5 2. Nf3 e6 3. d4 cxd4 4. Nxd4 Nc6 5. Nc3 Qc7 6. Be2 Nf6 7. O-O a6 8. Be3
Bb4 9. Nxc6 bxc6 10. Na4 O-O 11. Nb6 Rb8 12. Nxc8 Rfxc8 13. Bxa6 Re8 14. Bd3 Bd6
15. f4 e5 16. f5 Rxb2 17. Bg5 Bc5+ 18. Kh1 Bd4 19. Bxf6 gxf6 20. Qg4+ Kh8 21.
Qh4 Qd6 22. Qh5 Qe7 23. Rf3 Rg8 24. Raf1 Rg7 25. g4 Rxa2 26. Rh3 Ra1 27. Rxa1
Bxa1 28. Qh6 Qb4 29. Qxf6 Qe1+ 30. Kg2 Qd2+ 31. Kf1 Qd1+ 32. Kg2 Qd2+ 33. Kf1
Qd1+ 34. Kg2 Qd2+ 1/2-1/2

[Event "Akademickie Mistrzostwa Polski Kobiet"]
[Site "Szczyrk"]
[Date "1899-12-30"]
[Round "1.6"]
[White "Bebnik, Malgorzata"]
[Black "Dmochowska, Agnieszka"]
[Result "0-1"]
[WhiteTitle "I++"]
[BlackTitle "WFM"]
[WhiteElo "1523"]
[BlackElo "1926"]

1. d4 Nf6 2. c4 e6 3. Nc3 Bb4 4. Bd2 O-O 5. e3 d5 6. Nf3 b6 7. Be2 dxc4 8. Bxc4
Bb7 9. O-O Nbd7 10. a3 Be7 11. Re1 c5 12. e4 cxd4 13. Nxd4 Ne5 14. Nxe6 fxe6 15.
Bxe6+ Kh8 16. f4 Neg4 17. Bxg4 Nxg4 18. Qxg4 Qxd2 19. Rad1 Bc5+ 20. Kh1 Qxf4 21.
Qd7 Rf7 22. Qb5 Raf8 23. b4 a6 24. Qd3 Be7 25. Kg1 Qf2+ 26. Kh1 Bh4 27. Nd5 Bxd5
28. exd5 Be7 29. Qxa6 Bd6 30. Qd3 Rf6 31. g3 Rh6 32. h4 Rxh4+ 0-1

[Event "Akademickie Mistrzostwa Polski Kobiet"]
[Site "Szczyrk"]
[Date "1899-12-30"]
[Round "2.1"]
[White "Binkowska, Agata"]
[Black "Antolak, Julia"]
[Result "1-0"]
[WhiteTitle "k"]
[BlackTitle "WIM"]
[WhiteElo "1799"]
[BlackElo "2110"]

1. e4 c5 2. Nf3 d6 3. d4 cxd4 4. Nxd4 Nf6 5. Nc3 a6 6. g3 e6 7. Bg2 Be7 8. O-O
O-O 9. Be3 Nc6 10. Qe2 Qc7 11. Rad1 Bd7 12. h3 Rac8 13. f4 b5 14. a3 Na5 15. f5
e5 16. Nf3 Nc4 17. Bc1 Nxa3 18. g4 Nxc2 19. g5 Qc5+ 20. Kh2 Ne8 21. Nd5 Bd8 22.
f6 gxf6 23. gxf6 Nxf6 24. Ng5 Nd4 25. Nxf6+ Bxf6 26. Qh5 Bxg5 27. Qxg5+ Kh8 28.
Qf6+ Kg8 29. Rd3 Ne2 30. Bh6 1-0

[Event "Akademickie Mistrzostwa Polski Kobiet"]
[Site "Szczyrk"]
[Date "1899-12-30"]
[Round "2.2"]
[White "Kiolbasa, Oliwia"]
[Black "Rudnik, Anna"]
[Result "1-0"]
[WhiteTitle "WIM"]
[BlackTitle "I++"]
[WhiteElo "2095"]
[BlackElo "1804"]

1. e4 e5 2. Nf3 Nc6 3. Bb5 a6 4. Ba4 Nf6 5. O-O Nxe4 6. d4 exd4 7. Re1 d5 8. Nxd4
Bd6 9. Nxc6 Bxh2+ 10. Kh1 Qh4 11. Rxe4+ dxe4 12. Qd8+ Qxd8 13. Nxd8+ Kxd8 14.
Kxh2 Be6 15. Nc3 f5 16. Bf4 c5 17. Rd1+ Kc8 18. Rd6 b5 19. Rxe6 bxa4 20. Nxa4
Ra7 21. Nxc5 a5 22. Rc6+ Kd8 23. Bg5+ Ke8 24. Rc8+ 1-0

[Event "Akademickie Mistrzostwa Polski Kobiet"]
[Site "Szczyrk"]
[Date "1899-12-30"]
[Round "2.3"]
[White "Cieslak, Wiktoria"]
[Black "Tarnowska, Aleksandra"]
[Result "1-0"]
[WhiteTitle "k++"]
[BlackTitle "I++"]
[WhiteElo "1951"]
[BlackElo "1799"]

1. e4 c5 2. Nf3 e6 3. d4 cxd4 4. Nxd4 a6 5. Bd3 Bc5 6. Nb3 Be7 7. c4 d6 8. O-O
Qc7 9. Qe2 Nd7 10. Nc3 b6 11. Be3 Bb7 12. Kh1 Ngf6 13. f4 g6 14. Rac1 Rd8 15.
Nd2 h5 16. Bd4 e5 17. fxe5 dxe5 18. Bg1 Nc5 19. Nd5 Qd6 20. Bb1 O-O 21. b4 Ncd7
22. c5 bxc5 23. bxc5 Qe6 24. Nxe7+ Qxe7 25. c6 Bxc6 26. Rxc6 Rfe8 27. Rxa6 Kg7
28. Nb3 Ng4 29. Ra7 Qh4 30. g3 Qg5 31. Bd3 Ndf6 32. Bc4 Rf8 33. Bc5 h4 34. Qf3
hxg3 35. Qxg3 Rh8 36. Rxf7+ Kh6 37. R7xf6 Nxf6 38. Be3 1-0

[Event "Akademickie Mistrzostwa Polski Kobiet"]
[Site "Szczyrk"]
[Date "1899-12-30"]
[Round "2.4"]
[White "Czaplewska, Klara"]
[Black "Murawko, Katarzyna"]
[Result "1/2-1/2"]
[WhiteTitle "k+"]
[BlackTitle "k+"]
[WhiteElo "1796"]
[BlackElo "1924"]

1. d4 g6 2. g3 Bg7 3. Bg2 Nf6 4. e4 d6 5. Ne2 O-O 6. Nbc3 Nc6 7. h3 e5 8. Be3 Qe8
9. O-O a6 10. f4 b5 11. a3 Bb7 12. g4 exd4 13. Nxd4 Na5 14. Qd3 Nc4 15. Bc1 Nd7
16. Re1 f5 17. b3 fxe4 18. Nxe4 Bxe4 19. Bxe4 Nc5 20. Bd5+ Kh8 21. Rxe8 Nxd3 22.
Rxa8 Bxd4+ 23. Kg2 Rxa8 24. Bxa8 Bxa1 25. cxd3 Nb6 26. Bb7 a5 27. Bc6 b4 28. axb4
axb4 29. Bd2 Bc3 30. Be3 Nc8 31. Kf3 Ne7 32. Bb7 c6 33. Ke4 Kg8 34. Bb6 d5+ 35.
Kf3 Kf7 36. Bd8 c5 37. Bxe7 Kxe7 38. Bxd5 Kf6 39. Ke4 Ke5+ 1/2-1/2

[Event "Akademickie Mistrzostwa Polski Kobiet"]
[Site "Szczyrk"]
[Date "1899-12-30"]
[Round "2.5"]
[White "Fraczek, Weronika"]
[Black "Mazur, Anna"]
[Result "1-0"]
[WhiteTitle "k++"]
[BlackTitle "I+"]
[WhiteElo "1902"]
[BlackElo "1783"]

1. e4 c5 2. Nf3 e6 3. d4 cxd4 4. Nxd4 a6 5. c4 Qc7 6. Nc3 Nf6 7. Be2 Be7 8. O-O
O-O 9. f4 d6 10. Be3 Nbd7 11. b3 b6 12. f5 e5 13. Nc2 Bb7 14. Nd5 Bxd5 15. exd5
Rac8 16. Nb4 Nc5 17. Nc6 Nce4 18. Nxe7+ Qxe7 19. Bxb6 Qb7 20. Be3 Nc3 21. Qd3
Nxe2+ 22. Qxe2 a5 23. Bg5 Qb6+ 24. Kh1 Nd7 25. f6 g6 26. Qg4 Rfd8 27. Qh4 h5 28.
Rad1 Kh7 29. g4 Rh8 30. gxh5 Kg8 31. Qg4 Rxh5 32. Qxd7 Rd8 33. Qg4 a4 34. Rf3
a3 35. Be3 Qb8 36. Rg1 Kf8 37. Rh3 Rxh3 38. Qxh3 Ke8 39. Qg4 Qb4 40. Qe2 Qc3 41.
Rg3 Qa1+ 42. Bg1 Qb2 43. Rg2 Qc3 44. Qd2 Qxd2 45. Rxd2 Kd7 46. Be3 Rh8 47. Rg2
Kc7 48. Kg1 Rh5 49. Kf2 Rf5+ 50. Ke2 Rxf6 51. Bc1 Rf5 52. Bxa3 Rh5 53. Bc1 Rh3
54. Rf2 f5 55. Bg5 f4 56. Kd2 Kb6 57. Kc2 Kc5 58. Be7 f3 59. Kd3 Rh7 60. b4+ Kxb4
61. Bxd6+ Ka4 62. Bxe5 Rf7 63. d6 Kb4 64. Kd4 g5 65. Rb2+ Ka5 66. Bg3 g4 67. Kd5
Rf5+ 68. Kc6 Rf7 69. Rb5+ Ka4 70. Rb7 Rf8 71. d7 Rf6+ 72. Kc7 Rf7 73. Kc8 1-0

[Event "Akademickie Mistrzostwa Polski Kobiet"]
[Site "Szczyrk"]
[Date "1899-12-30"]
[Round "2.6"]
[White "Cyboran, Katarzyna"]
[Black "Karykowska, Anna"]
[Result "0-1"]
[WhiteTitle "I++"]
[BlackTitle "k+"]
[WhiteElo "1761"]
[BlackElo "1859"]

1. e4 c5 2. Nf3 a6 3. d4 cxd4 4. Nxd4 Nf6 5. Bd3 e5 6. Nf3 d6 7. Nc3 Be7 8. O-O
O-O 9. Re1 Nbd7 10. a4 Nc5 11. Bc4 Bg4 12. h3 Bh5 13. g4 Bg6 14. Bd5 Nxd5 15.
exd5 f5 16. Be3 fxg4 17. hxg4 Qc8 18. Ng5 Bxg5 19. Bxg5 Bxc2 20. Qe2 Bd3 21. Qd1
Bg6 22. Be7 Rf4 23. f3 Qd7 24. Bg5 Rd4 25. Qe2 Nxa4 26. Be3 Rb4 27. Nxa4 Rxa4
28. Rac1 h5 29. Kg2 hxg4 30. fxg4 Rxg4+ 31. Kf2 Rf8+ 0-1

[Event "Akademickie Mistrzostwa Polski Kobiet"]
[Site "Szczyrk"]
[Date "1899-12-30"]
[Round "3.1"]
[White "Karykowska, Anna"]
[Black "Kiolbasa, Oliwia"]
[Result "0-1"]
[WhiteTitle "k+"]
[BlackTitle "WIM"]
[WhiteElo "1859"]
[BlackElo "2095"]

1. e4 e5 2. Nf3 Nc6 3. Bc4 Bc5 4. c3 Nf6 5. d4 exd4 6. cxd4 Bb4+ 7. Bd2 Nxe4 8.
Bxb4 Nxb4 9. Bxf7+ Kxf7 10. Qb3+ d5 11. Ne5+ Ke6 12. Qxb4 Qf8 13. Qxf8 Rxf8 14.
O-O c5 15. Nf3 b6 16. Nc3 Nxc3 17. bxc3 Kd6 18. a4 Ba6 19. Rfe1 Rae8 20. a5 Rxe1+
21. Nxe1 Re8 22. Nf3 Bc4 23. axb6 axb6 24. Ne5 cxd4 25. cxd4 b5 26. Ra6+ Kc7 27.
Ra7+ Kb6 28. Rxg7 b4 29. h4 b3 30. Nd7+ Kc6 31. Ne5+ Rxe5 32. dxe5 b2 0-1

[Event "Akademickie Mistrzostwa Polski Kobiet"]
[Site "Szczyrk"]
[Date "1899-12-30"]
[Round "3.2"]
[White "Cieslak, Wiktoria"]
[Black "Chrzaszcz, Malvina"]
[Result "1-0"]
[WhiteTitle "k++"]
[BlackTitle "k+"]
[WhiteElo "1951"]
[BlackElo "1836"]

1. e4 c5 2. Nf3 d6 3. d4 cxd4 4. Nxd4 Nf6 5. Nc3 a6 6. Bg5 e6 7. f4 Nbd7 8. Qf3
Qc7 9. O-O-O b5 10. Bd3 Bb7 11. Rhe1 Be7 12. Qg3 h6 13. Bxf6 Bxf6 14. Bxb5 axb5
15. Ndxb5 Qb6 16. Nxd6+ Ke7 17. e5 Nxe5 18. fxe5 Bg5+ 19. Kb1 Bd5 20. Rxd5 Rhb8
21. Rb5 Qd4 22. Qf3 Rxb5 23. Ncxb5 Qa4 24. Qxf7+ Kd8 25. Qc7# 1-0

[Event "Akademickie Mistrzostwa Polski Kobiet"]
[Site "Szczyrk"]
[Date "1899-12-30"]
[Round "3.3"]
[White "Jedrocha, Katarzyna"]
[Black "Fraczek, Weronika"]
[Result "0-1"]
[WhiteTitle "k"]
[BlackTitle "k++"]
[WhiteElo "1819"]
[BlackElo "1902"]

1. d4 Nf6 2. g3 d5 3. Bg2 c6 4. Nf3 h6 5. O-O Bf5 6. c4 e6 7. Nc3 Be7 8. b3 O-O
9. Bb2 Ne4 10. Ne5 Nxc3 11. Bxc3 Nd7 12. Nd3 Bf6 13. Rc1 Re8 14. Re1 Bg5 15. f4
Be7 16. Nf2 Ba3 17. Ra1 Nf6 18. e4 dxe4 19. Nxe4 Nxe4 20. Bxe4 Bxe4 21. Rxe4 Be7
22. Qe1 Bf6 23. Rd1 Qb6 24. Kh1 Rad8 25. Ba5 Qa6 26. Bxd8 Rxd8 27. Qe2 Qb6 28.
Qf2 Qa5 29. Re2 Qc3 30. Red2 Qa5 31. Rd3 Re8 32. Kg2 Qf5 33. Qf3 h5 34. h3 g6
35. g4 hxg4 36. hxg4 Qa5 37. Qf2 Kf8 38. d5 cxd5 39. cxd5 exd5 40. Rxd5 Qc7 41.
Rd7 Qc6+ 42. Qf3 Re2+ 43. Kg3 Bh4+ 44. Kxh4 Qxf3 45. Kg5 Re4 46. Rg1 Qxf4+ 47.
Kh4 Qf6+ 48. Kg3 Re3+ 49. Kh2 Qf4+ 50. Kh1 Rh3+ 0-1

[Event "Akademickie Mistrzostwa Polski Kobiet"]
[Site "Szczyrk"]
[Date "1899-12-30"]
[Round "3.4"]
[White "Kubicka, Anna"]
[Black "Binkowska, Agata"]
[Result "0-1"]
[WhiteTitle "WIM"]
[BlackTitle "k"]
[WhiteElo "2081"]
[BlackElo "1799"]

1. e4 c5 2. Ne2 e6 3. g3 g6 4. Bg2 Bg7 5. O-O Nc6 6. c3 Nge7 7. d4 cxd4 8. cxd4
d5 9. e5 O-O 10. Nbc3 a6 11. Be3 f6 12. exf6 Bxf6 13. Qd2 Nf5 14. Rad1 Nce7 15.
Bg5 Bxg5 16. Qxg5 Nc6 17. Qd2 b5 18. b3 Bd7 19. Rfe1 Qf6 20. f4 Rac8 21. Bh3 Rfe8
22. Bxf5 exf5 23. Nxd5 Qd6 24. Nb6 Rcd8 25. Nxd7 Rxd7 26. Kf2 Red8 27. Qe3 Nb4
28. Rd2 Re7 29. Qc3 Nd5 30. Qc1 Rde8 31. h3 Qe6 32. Rd3 Nb4 33. Rdd1 Qe4 34. Qd2
a5 35. Nc1 Qd5 36. Re5 Qc6 37. Rde1 Rxe5 38. Rxe5 Rd8 39. a3 Nd5 40. Nd3 Nc3 41.
Nc5 Qxc5 42. Rxc5 Ne4+ 43. Ke3 Nxd2 44. Kxd2 Rxd4+ 45. Ke3 Rd1 46. Rxb5 a4 47.
bxa4 Ra1 48. Rb3 Rc1 49. g4 Rc4 50. gxf5 Rxa4 51. fxg6 hxg6 52. Kf3 Kg7 53. Kg4
Kf6 54. h4 Ra6 55. Rf3 Ra4 56. Re3 Ra6 57. Kf3 Ra4 58. Rb3 Ra6 59. Ke3 Kf5 60.
Kf3 Kf6 61. Kf2 Ra4 62. Rf3 Kf5 63. Kg3 Ra5 64. Re3 Kf6 65. Kg4 Ra4 66. h5 gxh5+
67. Kxh5 Kf5 68. Rb3 Kxf4 69. Kg6 Ke5 70. Kf7 Kd5 71. Ke7 Kc4 72. Rh3 Ra7+ 73.
Kd6 Kb5 74. Kd5 Ka4 75. Kc6 Ra8 76. Kb6 Rb8+ 77. Kc5 Rb3 78. Rh1 Rxa3 79. Kc4
0-1

[Event "Akademickie Mistrzostwa Polski Kobiet"]
[Site "Szczyrk"]
[Date "1899-12-30"]
[Round "3.5"]
[White "Parol, Pola"]
[Black "Trybowska, Barbara"]
[Result "1/2-1/2"]
[WhiteTitle "WFM"]
[BlackTitle "I++"]
[WhiteElo "1929"]
[BlackElo "1839"]

1. e4 c5 2. Nf3 d6 3. d4 cxd4 4. Nxd4 Nf6 5. Nc3 a6 6. Nb3 e5 7. Bg5 Be6 8. Bxf6
Qxf6 9. Qd3 Nc6 10. Nd5 Bxd5 11. exd5 Nd8 12. Be2 g6 13. O-O Bg7 14. c3 O-O 15.
Nd2 Qe7 16. Kh1 f5 17. Rac1 Rc8 18. c4 Bh6 19. Rc2 Nf7 20. f3 Qh4 21. g3 Qe7 22.
Kg2 Rfe8 23. Re1 Qg5 24. Bf1 Qh5 25. Be2 Qg5 26. Bf1 Qh5 27. Be2 Qg5 28. Bf1 Qh5
29. Qb3 Rc7 30. Qb6 Ree7 31. Be2 Qg5 32. Nf1 e4 33. f4 Qf6 34. Ne3 g5 35. fxg5
Qxg5 36. Nf1 f4 37. Bd1 f3+ 38. Kh1 Qg6 39. c5 dxc5 40. Qxg6+ hxg6 41. Nd2 f2
42. Rf1 e3 43. Nf3 Red7 44. Be2 Rxd5 45. Bc4 Rf5 46. Kg2 Kg7 47. Nh4 Re5 48. Nf3
Re4 49. Bd3 Ree7 50. Re2 c4 51. Bb1 g5 52. Nd4 Kf6 53. Nf5 Re5 54. Rxe3 Rxe3 55.
Nxe3 Ke5 56. Ng4+ Kd4 57. Rxf2 Bf8 58. Rd2+ Kc5 59. Be4 Re7 60. Bf3 Bg7 61. Rd5+
Kb4 62. Rd2 Ne5 63. Nxe5 Bxe5 64. Kf2 b5 65. Bd1 Rf7+ 66. Kg2 c3 67. bxc3+ Bxc3
68. Rd5 Rg7 69. Bb3 a5 70. Rd3 a4 71. Bd1 Re7 72. Rd5 Re1 73. Bf3 Ra1 74. Rxg5
Rxa2+ 75. Kh3 a3 76. Bd5 Rd2 77. Rg4+ Kc5 78. Bf7 b4 79. Rg5+ Kd4 80. Rd5+ Ke3
81. Rb5 Rd4 82. Ra5 Kd3 83. g4 Be1 84. g5 Ke2 85. Kg2 Rg4+ 86. Kh3 Rh4+ 87. Kg2
Rg4+ 88. Kh3 Rh4+ 89. Kg2 Rg4+ 1/2-1/2

[Event "Akademickie Mistrzostwa Polski Kobiet"]
[Site "Szczyrk"]
[Date "1899-12-30"]
[Round "3.6"]
[White "Pastuszko, Kinga"]
[Black "Czaplewska, Klara"]
[Result "0-1"]
[WhiteTitle "k+"]
[BlackTitle "k+"]
[WhiteElo "1760"]
[BlackElo "1796"]

1. e4 e5 2. Nf3 Nc6 3. Bc4 Bc5 4. c3 Nf6 5. d4 exd4 6. e5 d5 7. Bb5 Ne4 8. cxd4
Bb6 9. Nc3 O-O 10. Bxc6 bxc6 11. Be3 f5 12. exf6 Qxf6 13. Qb3 Kh8 14. O-O Ba6
15. Rfc1 Rae8 16. a4 c5 17. a5 cxd4 18. Nxd5 Qg6 19. axb6 dxe3 20. Rxa6 Rxf3 21.
b7 exf2+ 22. Kf1 Nd2# 0-1

[Event "Akademickie Mistrzostwa Polski Kobiet"]
[Site "Szczyrk"]
[Date "1899-12-30"]
[Round "4.1"]
[White "Kiolbasa, Oliwia"]
[Black "Fraczek, Weronika"]
[Result "1-0"]
[WhiteTitle "WIM"]
[BlackTitle "k++"]
[WhiteElo "2095"]
[BlackElo "1902"]

1. e4 c5 2. Nf3 e6 3. d4 cxd4 4. Nxd4 a6 5. Bd3 Nc6 6. Nxc6 dxc6 7. O-O e5 8. Nd2
Bc5 9. Nc4 Qe7 10. a4 Nf6 11. a5 Bg4 12. Qe1 O-O 13. Be3 Rad8 14. Qc3 Bxe3 15.
fxe3 Nd7 16. Rf2 Kh8 17. Raf1 f6 18. b4 Bh5 19. Qe1 Bg6 20. Qb1 Rfe8 21. c3 Nf8
22. Rd2 Ne6 23. Rfd1 Bh5 24. Rf1 Bg6 25. Rfd1 Bh5 26. Rf1 Bg6 27. Bc2 Rxd2 28.
Nxd2 Rd8 29. Nf3 Bh5 30. Nh4 Nc7 31. Nf5 Qe6 32. Bb3 Qd7 33. Qe1 Bg6 34. Bc2 Bxf5
35. exf5 Nd5 36. c4 Ne7 37. Qf2 Qd2 38. Qxd2 Rxd2 39. Be4 Re2 40. Rd1 Rxe3 41.
Rd8+ Ng8 42. Bf3 e4 43. Bd1 Rd3 44. Rxd3 exd3 45. Kf2 Ne7 46. g4 g6 47. Ke3 gxf5
48. Kxd3 fxg4 49. Bxg4 f5 50. Bf3 Kg7 51. Kd4 Kf6 52. b5 cxb5 53. cxb5 axb5 54.
Bxb7 b4 55. a6 b3 56. Kc3 Ke5 57. a7 b2 58. Kxb2 1-0

[Event "Akademickie Mistrzostwa Polski Kobiet"]
[Site "Szczyrk"]
[Date "1899-12-30"]
[Round "4.2"]
[White "Binkowska, Agata"]
[Black "Cieslak, Wiktoria"]
[Result "1/2-1/2"]
[WhiteTitle "k"]
[BlackTitle "k++"]
[WhiteElo "1799"]
[BlackElo "1951"]

1. e4 c5 2. Nf3 d6 3. d4 cxd4 4. Nxd4 Nf6 5. Nc3 a6 6. Bg5 Nbd7 7. f4 Qc7 8. Bd3
h6 9. Bh4 Qb6 10. Nb3 Qe3+ 11. Qe2 Qxf4 12. Bg3 Qg4 13. Qf2 e6 14. Be2 Qg6 15.
O-O-O Ne5 16. Bxe5 dxe5 17. Qb6 Be7 18. Qc7 Nd7 19. Bf3 Bd8 20. Qd6 Qg5+ 21. Rd2
Qe7 22. Rhd1 Qxd6 23. Rxd6 Bc7 24. R6d3 Ke7 25. Bh5 g6 26. Bf3 Rd8 27. Na4 b6
28. c4 Bb7 29. Nc3 Bc6 30. a3 Nf6 31. Rxd8 Rxd8 32. Rxd8 Bxd8 33. Kd2 Kd6 34.
Ke3 Nd7 35. Kd3 b5 36. cxb5 axb5 37. Nd2 Nc5+ 38. Ke2 Bg5 39. g3 f5 40. b4 Nd7
41. Nb3 Nb6 42. exf5 Bxf3+ 43. Kxf3 exf5 44. Nxb5+ Kc6 45. Nc3 Nc4 46. a4 Nd2+
47. Nxd2 Bxd2 48. b5+ Kb6 49. Nd5+ Ka5 50. b6 Ka6 51. Ne7 Kxb6 52. Nxg6 e4+ 53.
Ke2 Bg5 54. Ne5 Ka5 55. h4 Bf6 56. Nd7 Bd4 57. Nf8 Kxa4 58. Ng6 Bf6 59. Ke3 Bd8
60. g4 fxg4 61. Kxe4 Kb4 62. h5 Bc7 63. Nh4 g3 64. Kf3 Kc5 65. Nf5 Bf4 66. Nxh6
Bxh6 67. Kxg3 1/2-1/2

[Event "Akademickie Mistrzostwa Polski Kobiet"]
[Site "Szczyrk"]
[Date "1899-12-30"]
[Round "4.3"]
[White "Czaplewska, Klara"]
[Black "Parol, Pola"]
[Result "1/2-1/2"]
[WhiteTitle "k+"]
[BlackTitle "WFM"]
[WhiteElo "1796"]
[BlackElo "1929"]

1. d4 Nf6 2. g3 e6 3. Bg2 d5 4. Nf3 Be7 5. c4 O-O 6. Nc3 c5 7. dxc5 Bxc5 8. cxd5
Nxd5 9. Nxd5 exd5 10. O-O Nc6 11. Qc2 Bb6 12. Ng5 g6 13. Rd1 Qf6 14. Nf3 Bf5 15.
Qb3 d4 16. Bg5 Qe6 17. Qxe6 Bxe6 18. Bf6 Bc4 19. Nxd4 Nxd4 20. Bxd4 Bxe2 21. Rd2
Bxd4 22. Rxd4 Rad8 23. Rxd8 Rxd8 24. Bxb7 Rb8 25. Bd5 Rxb2 26. Rc1 Rd2 27. Bb3
Rd7 28. Re1 Bf3 29. Re3 Bc6 30. Kf1 Bb5+ 31. Ke1 Kg7 32. f4 Kf6 33. Re5 a6 34.
Bd5 Rc7 35. Bb3 Rc1+ 36. Kd2 Rc7 37. Re3 Rd7+ 38. Kc2 Rc7+ 39. Kd2 Rb7 40. Bc2
Bc4 41. Bb3 Bxb3 42. Rxb3 Rd7+ 43. Rd3 Rb7 44. Rb3 Rd7+ 45. Rd3 Ke5 1/2-1/2

[Event "Akademickie Mistrzostwa Polski Kobiet"]
[Site "Szczyrk"]
[Date "1899-12-30"]
[Round "4.4"]
[White "Antolak, Julia"]
[Black "Rudnik, Anna"]
[Result "1-0"]
[WhiteTitle "WIM"]
[BlackTitle "I++"]
[WhiteElo "2110"]
[BlackElo "1804"]

1. e4 e5 2. Nf3 Nc6 3. Bb5 a6 4. Ba4 Nf6 5. d3 d6 6. h3 h6 7. c3 b5 8. Bc2 Ne7
9. Nbd2 c5 10. Nf1 Ng6 11. Ng3 Be7 12. O-O O-O 13. Nh2 d5 14. Qf3 Bb7 15. Ng4
Nxg4 16. hxg4 Nh4 17. Qe2 Bg5 18. f4 exf4 19. Bxf4 Bxf4 20. Rxf4 Qc7 21. Qf2 Ng6
22. Rf5 Nh4 23. Rh5 Ng6 24. Rf1 d4 25. Nf5 dxc3 26. bxc3 Ne5 27. Nxg7 Nxg4 28.
Qf3 Bc8 29. Nf5 Bxf5 30. Qxf5 Qc8 31. Qf4 Kg7 32. Rf5 h5 33. Rg5+ Kh7 34. Rxh5+
1-0

[Event "Akademickie Mistrzostwa Polski Kobiet"]
[Site "Szczyrk"]
[Date "1899-12-30"]
[Round "4.5"]
[White "Dmochowska, Agnieszka"]
[Black "Tarnowska, Aleksandra"]
[Result "1-0"]
[WhiteTitle "WFM"]
[BlackTitle "I++"]
[WhiteElo "1926"]
[BlackElo "1799"]

1. e4 c5 2. Nf3 e6 3. c3 d5 4. exd5 Qxd5 5. d4 Nf6 6. Bd3 Be7 7. O-O cxd4 8. cxd4
O-O 9. Nc3 Qd6 10. Qe2 a6 11. Be3 Nc6 12. Rad1 Nb4 13. Bb1 b5 14. Bc1 Bb7 15.
Rfe1 Rfd8 16. Ne5 Rac8 17. a3 Nbd5 18. Ne4 Nxe4 19. Qxe4 g6 20. Qf3 Bf6 21. Ng4
Bg7 22. Nh6+ Bxh6 23. Bxh6 Rc7 24. Qg4 Ne7 25. Qg5 Nd5 26. Qg4 Nf6 27. Qg5 Nd5
28. Qh4 Qe7 29. Bg5 f6 30. Bc1 g5 31. Qg3 Nf4 32. Bxf4 Rcd7 33. Be3 Qf7 34. Qh3
Rd5 35. Be4 R5d7 36. Bxb7 Rxb7 37. Bc1 Rbd7 38. Qxe6 Rxd4 39. Qxf7+ Kxf7 40. Rxd4
Rxd4 41. g3 Rc4 42. Be3 h6 43. Rc1 Re4 44. Rc6 a5 45. Ra6 a4 46. Rb6 Re5 47. Bd4
Re1+ 48. Kg2 f5 49. Rxb5 f4 50. gxf4 gxf4 51. Rf5+ 1-0

[Event "Akademickie Mistrzostwa Polski Kobiet"]
[Site "Szczyrk"]
[Date "1899-12-30"]
[Round "4.6"]
[White "Horbacz, Agata"]
[Black "Karykowska, Anna"]
[Result "1/2-1/2"]
[WhiteTitle "k+"]
[BlackTitle "k+"]
[WhiteElo "1752"]
[BlackElo "1859"]

1. e4 c5 2. g3 e6 3. Bg2 Nc6 4. d3 Nf6 5. Be3 Be7 6. Ne2 O-O 7. O-O d5 8. exd5
exd5 9. d4 Ng4 10. Nbc3 Be6 11. Nf4 cxd4 12. Bxd4 Nxd4 13. Qxd4 Bf6 14. Qd1 Bxc3
15. bxc3 Nf6 16. Re1 Qd6 17. c4 Rad8 18. Nxe6 fxe6 19. cxd5 exd5 20. Qd4 b6 21.
Re2 Rc8 22. Rae1 Rc4 23. Qd3 Rc7 24. Re5 Rd8 25. Bh3 h6 26. Re6 Qf8 27. Qg6 Ne4
28. Bf5 Qf7 29. Qh7+ Kf8 30. Qh8+ Qg8 31. Qxg8+ Kxg8 32. Bxe4 dxe4 33. R1xe4 Rxc2
34. Re7 Rd1+ 35. Kg2 Rdd2 36. Rf4 Rxa2 37. Rff7 g5 38. Rg7+ Kh8 39. Rgf7 Kg8 40.
Rg7+ Kh8 1/2-1/2

[Event "Akademickie Mistrzostwa Polski Kobiet"]
[Site "Szczyrk"]
[Date "1899-12-30"]
[Round "5.1"]
[White "Cieslak, Wiktoria"]
[Black "Kiolbasa, Oliwia"]
[Result "1/2-1/2"]
[WhiteTitle "k++"]
[BlackTitle "WIM"]
[WhiteElo "1951"]
[BlackElo "2095"]

1. e4 e5 2. Nf3 Nc6 3. d4 exd4 4. Nxd4 Bc5 5. Be3 Qf6 6. c3 Nge7 7. Bc4 Bb6 8.
O-O O-O 9. a4 d6 10. Na3 Qg6 11. f3 a6 12. Nac2 Ne5 13. Be2 f5 14. exf5 Nxf5 15.
Nxf5 Bxf5 16. Nd4 Bd3 17. a5 Bxe2 18. Qxe2 Ba7 19. Bf2 Rae8 20. Qd1 Kh8 21. Kh1
Nd3 22. Qd2 Nxf2+ 23. Rxf2 Re7 24. Re2 Rfe8 25. Rxe7 Rxe7 26. h3 Qf6 27. Rd1 Kg8
28. Qc2 Bxd4 29. cxd4 Qe6 30. Qc3 Kf8 31. Qb4 Qe2 32. Rc1 Qb5 33. Qd2 Qd5 34.
Qf4+ Kg8 35. Qh4 Qf7 36. Qg4 1/2-1/2